The Maze Runner Characters - Statistics

General Stats
  • This quiz has been taken 3,991 times
  • The average score is 9 of 12
Answer Stats
Hint Answer % Correct
Main Protaganist Thomas
99%
Second in command Newt
96%
Keeper of the Runners Minho
94%
Youngest Glader Chuck
93%
Only female Glader Teresa
93%
The Glade bully Gally
91%
Leader of the Gladers Alby
90%
The Glade cook Frypan
80%
Keeper of the Butchers Winston
60%
Med-Jack #2 Jeff
46%
Med-Jack #1 Clint
42%
Keeper of the Track-Hoes Zart
42%
No matching quizzes found
Score Distribution
Percent of People with Each Score
Percentile by Number Answered
Your Score History
You have not taken this quiz